000
00240nam a22001097a 4500
020
_a
0131917730
100
_a
Carole Wade &Carole Tavris
245
_a
Pschology
250
_a
7th ed
260
_a
U.S.A
_b
Prentice Hall
_c
2005
942
_c
BK
999
_c
251263
_d
251263